LEADER 00973nam a2200253 i 4500 001 000000254882 003 CaOOAMICUS 005 20170703000000.0 008 170703s1999 it u000 u ita u 013 $a233787 020 $a88-15-07241-1 040 $aSeMil$bita 100 1 $aBerselli, Edmondo <1951-2010>.$0(OLS)http://semarc/name/52830 245 10$aCanzoni :$bstorie dell'Italia leggera /$cEdmondo Berselli. 260 $aBologna :$bIl Mulino,$c[1999] 300 $a186 p. ;$c21 cm. 490 0 $aIntersezioni ;$v196. 830 0$aIntersezioni ;$v196.$0(OLS)http://semarc/title/6889 850 $aSeMil 852 $aSeMil$W1$xVenegono$y1$m3Q II 129$j205228$B205228$CSeMilBibl$Z2$F219217 $81 961 $aOmaggio: Lorenzi don Ugo 996 $6020$a88-15-07241-1$9(OLS)http://semarc/number/278452 996 $6245$aCanzoni :$bstorie dell'Italia leggera$9(OLS)http://semarc/title/411235 996 $6260$aBologna :$bIl Mulino$9(OLS)http://semarc/publisher/29842 LEADER 00850nam a2200205 4500 001 000000353352 003 CaOOAMICUS 005 20230403100935.0 008 230403s1929 it 000 u ita r 040 $aSeMil$bita 245 02$aL'historique audience pontificale du 9 mars 1929 . 264 1$aRome :$bImprimerie de La Cardinal Ferrari,$c1929. 300 $a55 p.,$b2 p. di ritratto ;$c22 cm 546 $aLingua francese 650 4$aPio XI - Relazioni politiche.$0(OLS)http://semarc/subject/43662 850 $aSeMil 852 $aSeMil$W1$xVenegono$y1$m5B III 9/5$j239208$B244565$CSeMilBibl$Z2$F244565 $81 996 $6245$aL'historique audience pontificale du 9 mars 1929 $9(OLS)http://semarc/title/443371 996 $6264$aRome :$bImprimerie de La Cardinal Ferrari$9(OLS)http://semarc/publisher/60906 LEADER 01180nam a2200217 i 4500 001 000000012234 003 CaOOAMICUS 005 20180830125441.0 008 180830n sp u000 u und u 040 $aSeMil$bita 100 1 $aRomero, Óscar,$c.$0(OLS)http://semarc/name/5850 245 10$aMons. Oscar A. Romero :$bsu pensamiento. 260 $aSan Salvador :$bTalleres Gràficos UCA,$c[19--]?. 300 $av. ;$c22 cm. 362 1 $a(1924-1928) 650 4$aRomero, Óscar - Scritti e discorsi.$0(OLS)http://semarc/subject/2007 774 0 $aRomero, Óscar $tHomilìas Ciclo A. Cuaresma-Semana, Santa Pascua.$kPublicaciones Pastorales del Arzobispado$g4$w()111853 774 0 $aRomero, Óscar $tHomilìas Ciclo B. Adviento, Pascua.$kPublicaciones Pastorales del Arzobispado$g6$w()132771 774 0 $aRomero, Óscar $tHomilìa Ciclo B. Tiempo Ordinario.$kPublicaciones Pastorales del Arzobispado$g7$w()132773 996 $6245$aMons. Oscar A. Romero :$bsu pensamiento$9(OLS)http://semarc/title/16225 996 $6260$aSan Salvador :$bTalleres Gràficos UCA$9(OLS)http://semarc/publisher/33361 LEADER 01090nam a2200241 i 4500 001 000000195640 003 CaOOAMICUS 005 20101231000000.0 008 101231s1984 it u000 u ita u 013 $a174318 040 $aSeMil$bita 245 10$aScrittori di Attraverso l'Italia 1930-1972 /$ca cura di Paolo Volponi. 260 $aMilano :$bTouring Club Italiano,$ccopyr. 1984. 300 $a331 p. :$bill. ;$c28 cm. 490 0 $aAttraverso l'Italia : illustrazione delle regioni italiane 500 $aIn testa al front.: Attraverso l'Italia. 700 1 $aVolponi, Paolo <1924-1994>.$0(OLS)http://semarc/name/30671 830 0$aAttraverso l'Italia : illustrazione delle regioni italiane.$0(OLS)http://semarc/title/15885 850 $aSeMil 852 $aSeMil$W1$xVenegono$y1$m4Y V 111/1$j146209$B146209$CSeMilBibl$Z2$F158764 $81 961 $aOmaggio: Grampa dott. Cesare 996 $6245$aScrittori di Attraverso l'Italia 1930-1972$9(OLS)http://semarc/title/282328 996 $6260$aMilano :$bTouring Club Italiano$9(OLS)http://semarc/publisher/29688